|
|
|
|
| LEADER |
01458cam a2200301 7i4500 |
| 001 |
0000052872 |
| 005 |
20260126090000.0 |
| 020 |
|
|
|a 9789833757480 (hbk.)
|
| 090 |
0 |
0 |
|a LA1238
|b .U58 2019
|
| 110 |
2 |
|
|a Universiti Selangor
|
| 245 |
1 |
0 |
|a Melakar kejayaan = Shaping excellence
|c Universiti Selangor.
|
| 260 |
|
|
|a Shah Alam, Selangor:
|b UNISEL Press,
|c 2019.
|
| 300 |
|
|
|a 120 p.:
|b col. ill.;
|c 26 cm.
|
| 500 |
|
|
|a Gift: Pejabat Komunikasi Korporat, Universiti Selangor
|
| 610 |
2 |
|
|a Universiti Selangor
|
| 650 |
0 |
0 |
|a Education and state --
|z Malaysia
|
| 650 |
0 |
0 |
|a Education, Higher --
|z Malaysia
|
| 997 |
|
|
|a Perpustakaan Peringatan Siddiq Fadzil, Balai Rakyat
|
| 999 |
|
|
|a 0000065371
|b BOK
|c UNIVERSITI PUBLICATION
|e 2nd Floor, Shah Alam
|
| 999 |
|
|
|a 0000066870
|b BOK
|c UNIVERSITI PUBLICATION
|e Ground Floor, Bestari Jaya
|
| 999 |
|
|
|a 0000069406
|b BOK
|c UNIVERSITI PUBLICATION
|e Ground Floor, Bestari Jaya
|
| 999 |
|
|
|a 0000069407
|b BOK
|c UNIVERSITI PUBLICATION
|e Ground Floor, Bestari Jaya
|
| 999 |
|
|
|a 0000069408
|b BOK
|c UNIVERSITI PUBLICATION
|e Ground Floor, Bestari Jaya
|
| 999 |
|
|
|a 0000069409
|b BOK
|c UNIVERSITI PUBLICATION
|e Ground Floor, Bestari Jaya
|
| 999 |
|
|
|a 0000070161
|b BOK
|c UNIVERSITI PUBLICATION
|e 2nd Floor, Shah Alam
|
| 999 |
|
|
|a 0000070162
|b BOK
|c UNIVERSITI PUBLICATION
|e 2nd Floor, Shah Alam
|
| 999 |
|
|
|a 0000070163
|b BOK
|c UNIVERSITI PUBLICATION
|e 2nd Floor, Shah Alam
|
| 999 |
|
|
|a 0000070164
|b BOK
|c UNIVERSITI PUBLICATION
|e 2nd Floor, Shah Alam
|